| Tag |
First Indicator |
Second Indicator |
Subfields |
| LEADER |
00000cem a2200000 a 4500 |
| 001 |
in00001406571 |
| 005 |
20151020072758.0 |
| 007 |
aj canzn |
| 008 |
970326s1995 mx g a 0 spa d |
| 020 |
|
|
|a 9687140348
|
| 034 |
1 |
|
|a a
|b 1000000
|d W1070000
|e W1030000
|f N0270000
|g N0220000
|
| 035 |
|
|
|a (OCoLC)36633459
|
| 035 |
|
|
|9 AHQ3515AM
|
| 037 |
|
|
|b Guía Roji, S.A. de C.V., República de Colombia No. 23, 06020 México D.F.
|
| 040 |
|
|
|a OUN
|c OUN
|d TXA
|d UtOrBLW
|
| 049 |
|
|
|a TXAM
|
| 052 |
|
|
|a 4500
|
| 090 |
|
|
|a G4501.P2 1995
|b .G8
|
| 110 |
2 |
|
|a Guía Roji, s.a.
|
| 245 |
1 |
0 |
|a Durango, escala 1:1 000 000.
|
| 255 |
|
|
|a Scale 1:1,000,000. 1 cm. = 10 cm.
|c (W 107⁰--W 103⁰/N 27⁰--N 22⁰).
|
| 264 |
|
1 |
|a México, D.F. :
|b Guía Roji,
|c [1995]
|
| 264 |
|
4 |
|c ©1995
|
| 300 |
|
|
|a 1 map :
|b color ;
|c 70 x 49 cm., folded to 23 x 11 cm.
|
| 336 |
|
|
|a cartographic image
|b cri
|2 rdacontent
|
| 337 |
|
|
|a unmediated
|b n
|2 rdamedia
|
| 338 |
|
|
|a sheet
|b nb
|2 rdacarrier
|
| 500 |
|
|
|a Publisher's number: 9.
|
| 500 |
|
|
|a Relief shown by spot heights.
|
| 500 |
|
|
|a "Incluye: informacion turistica de cuidades y poblaciones"--Cover.
|
| 500 |
|
|
|a Verso: map with tourist information, text, advertisements.
|
| 500 |
|
|
|a Cartographic material.
|
| 651 |
|
0 |
|a Durango (Mexico : State)
|v Maps.
|
| 655 |
|
7 |
|a Road maps.
|2 lcgft
|
| 948 |
|
|
|a c:JLG
|
| 999 |
|
|
|a MARS
|
| 999 |
f |
f |
|s 4c743dff-c6a8-3084-af76-2b31e0916083
|i 722aa0cd-0253-33a0-b18c-c15ec9bf21ad
|t 0
|
| 952 |
f |
f |
|p normal
|a Texas A&M University
|b College Station
|c Sterling C. Evans Library
|d Evans: Maps (2nd floor)
|t 0
|e G4501.P2 1995 .G8
|h Library of Congress classification
|i unmediated -- sheet
|m A14825935811
|
| 998 |
f |
f |
|a G4501.P2 1995 .G8
|t 0
|l Evans: Maps (2nd floor)
|